000 00687nam a2200289Ia 4500
005 20260324124153.0
008 008 260324s9999 xx 000 0 eng d
020 _a9780203816677
037 _aEBOOK
040 _aCRL
040 _beng
040 _cCRL
041 _2eng
041 _aeng
084 _qCRL
100 _aColin Rogers; Tim John; Tim Read; Rhobert Lewis
_91173118
245 0 _aPolice Work
245 0 _bPrinciples and Practice
260 _bTaylor and Francis
260 _c2011
365 _a
365 _b255
856 _uhttp://www.taylorfrancis.com/books/9780203816677
942 _cEBOOK
999 _c1767279
_d1767279